| 000 | 00528nam a2200205 a 4500 | ||
|---|---|---|---|
| 005 | 20140310183453.0 | ||
| 008 | 090710s19uu xx 00 eng d | ||
| 020 | _a9781412911498 | ||
| 050 |
_aHF 5415 _b.H122 2009 |
||
| 100 | _aHackley, Chris | ||
| 245 |
_aMarketing : _ba critical introduction / _cChris Hackley |
||
| 260 |
_aLos Angeles : _bSage, _c2009. |
||
| 300 |
_a186 p. : _c24 cm. |
||
| 521 | _aBSBA | ||
| 650 | _aBSBA. | ||
| 650 | _aMarketing. | ||
| 942 |
_cBK _2lcc _kFOR |
||
| 999 |
_c23493 _d23493 |
||